Responses for show #666 - Monday, June 29, 1987

Doug Molitor game 2.

Contestants

[<< previous game]

Dave Eubanks, a teacher from Simi Valley, California

Debbie Ordas, an office manager from Maplewood, New Jersey

Doug Molitor, a writer from Brentwood, California (whose 1-day cash winnings total $8,700)

[next game >>]

Jeopardy! Round responses

TRANSPORTATION
SWEETS
SINGERS' AUTOBIOGRAPHIES
U.S. HISTORY
MARINE BIOLOGY
STERN LOOKING
(Alex: Stern, though not in quotation marks, will be a very important part of every clue or every response.)
    $100 23
Air Force One

Doug
    $100 7
a marshmallow

Doug
    $100 12
Tina Turner

Debbie
    $100 6
vice president

Debbie
    $100 1
the tentacle

Doug
    $100 14
sterno

Debbie
    $200 24
a fishing boat

Dave
    $200 19
honey

Doug
    $200 13
Roy Rogers & Dale Evans

Doug
    $200 8
the War of 1812

Dave
    $200 2
the humpback whale

Doug
    $200 15
a sneeze

Debbie
    $300 25
a motorcycle

Doug
    $300 20
(Doug: What is sugar?)
(Alex: Be more specific.)
(Doug: [*])

Sugar Kane

Doug
    $300 28
Billie Holiday

Doug
    $300 9
the G.I. Bill of Rights

Triple Stumper
    $300 3
their shells

Doug
    $500 16
a sternwheeler

Debbie
    $400 26
(Debbie: What is Houston?)

Miami

DebbieDave
    $400 21
carob

Debbie
    $400 29
Connie Francis

Dave
    $400 10
(Dave: France. What is France?)
(Debbie: What is Great Britain?)
(Doug: I ain't touching it.)

Canada

DebbieDave
Triple Stumper
    $400 4
the cuttlebone

Triple Stumper
    $400 17
the sternum

Dave
    $500 27
Commodore

Triple Stumper
    $500 22
blackstrap

Doug
    $500 30
Sammy Davis Jr.

Doug
    $500 11
the U.S. Capitol

Dave
    $500 5
(Dave: What is a jellyfish?)
(Alex: Be more specific.)
(What is a [*]?)

Portuguese man o' war

Dave
    $500 18
Morgenstern

Debbie

Scores at the first commercial break (after clue 12):

Doug Debbie Dave
$700 -$200 $800

Scores at the end of the Jeopardy! Round:

Doug Debbie Dave
$3,100 $1,100 $2,200

Double Jeopardy! Round responses

PEN NAMES
PATENTS
ANCIENT ROME
SPORTSCASTERS
WOMEN
MEDICAL SPELLING
(Alex: You have to spell the response.)
    $200 6
Nostradamus

Debbie
    $200 12
the inventor

Doug
    $200 9
Spartacus

Doug
    $200 1
Ten Most Wanted by the FBI

Debbie
    $200 17
(Dave: What is distended?)

V-A-R-I-C-O-S-E

DebbieDave
    $400 7
Al Capp

Debbie
    $400 22
the incandescent

Doug
    $400 10
a funeral

Debbie
    $400 2
Julia Child

Debbie
    $400 18
H-Y-D-R-O-P-H-O-B-I-A

Doug
    $600 8
Voltaire

Dave
    $600 23
(Alex: The Japanese picked up over 13,000 patents last year. We've got a minute to go in the round. Doug, select.)

Japan

Triple Stumper
    $500 11
(Debbie: Who is Germanicus?)

Claudius

Debbie
    $600 3
Grace Allen

Debbie
    $600 19
B-U-R-S-I-T-I-S

Doug
    $800 15
Stevie

Doug
    $800 24
(Doug: What is a football helmet?)

the catcher's mask

DougDebbie
    $800 13
Julius Caesar

Doug
    $800 4
Queen Victoria

Debbie
    $800 20
P-E-N-I-C-I-L-L-I-N

Doug
    $1000 16
Stendhal

Triple Stumper
    $1000 25
(Dave: What is plagiarism?)

patent infringement

DougDave
    $1000 14
[Note: Doug was originally given credit for The Rape of Lucretia, but was ruled incorrect just prior to FJ]

The Rape of Lucrece

Doug
Triple Stumper
    $500 26
(Doug: Who are [*] &...?)

John Madden & Hank Stram

Doug
    $1000 5
Maureen Reagan

Debbie
    $1000 21
F-E-M-U-R

Doug

Scores at the end of the Double Jeopardy! Round:

Doug Debbie Dave
$7,000 $5,600 $1,600

[wagering suggestions for these scores]

Final Jeopardy! Round responses

N. AMERICAN GEOGRAPHY
(Alex: [Getting a ruling on Debbie's response] We'll accept that.)
DaveWhat is Vermont
$1,500
DebbieWhat is Vermon
$2,300
DougWhat is Vt.?
$4,201
Vermont

Final scores:

Doug Debbie Dave
$11,201 $7,900 $3,100
2-day champion: $19,901 2nd place: a Whirlpool refrigerator & an ice cream maker 3rd place: a weekend for 2 at Catalina island

Game dynamics:

Coryat scores:

Doug Debbie Dave
$7,500 $5,900 $1,600
22 R,
3 W
(including 1 DD)
17 R
(including 1 DD),
3 W
(including 1 DD)
8 R,
3 W

Combined Coryat: $15,000

The J! Archive is created by fans, for fans. The Jeopardy! game show and all elements thereof, including but not limited to copyright and trademark thereto, are the property of Jeopardy Productions, Inc. and are protected under law. This website is not affiliated with, sponsored by, or operated by Jeopardy Productions, Inc. Join the discussion at JBoard.tv.